000
00272nam a2200097Ia 4500
008
240331s9999 xx 000 0 und d
082
_b
LLR
100
_a
Punchiheva, S.A. ed
245
0
_a
Kattra Padangalum Nallinakkamum patriya Anaikkuluwin Parinthurailgal (LLRC)
942
_c
L
999
_c
5797
_d
5797